000 00585nam a22002297a 4500
003 OSt
005 20250808143456.0
008 250808s2023 ag ||||| |||| 00| f sap d
020 _a978-987-725-253-8
040 _cbesoc
080 _082-31(82) C827
100 1 _aCortázar, Julio,
_d1914-1984
_eautor
245 1 0 _aRayuela /
_cJulio Cortázar.
250 _a7ª ed.
260 _aBuenos Aires :
_bDebolsillo,
_c2023.
300 _a700 p. ;
_c19 cm.
490 0 _aContemporánea
648 4 _aSiglo XX
650 4 _aLiteratura argentina
655 4 _aNovela
942 _2udc
_cLPD
_n0
999 _c550
_d550